ज्ञान -विज्ञानं प्रश्नोतरी/ (Record no. 201851)
[ view plain ]
| 000 -LEADER | |
|---|---|
| fixed length control field | 00843nam a22001937a 4500 |
| 005 - DATE AND TIME OF LATEST TRANSACTION | |
| control field | 20240402104559.0 |
| 010 ## - LCCN (DPL NO) | |
| LC control number | HIN-127237 |
| 020 ## - INTERNATIONAL STANDARD BOOK NUMBER | |
| International Standard Book Number | 9789392422041 |
| Terms of availability | 475.00 |
| 035 ## - SYSTEM CONTROL NUMBER | |
| System control number | HN-99583 |
| 037 ## - SOURCE OF ACQUISITION | |
| Source of stock number/acquisition | DBAD/PUB. |
| 082 ## - DEWEY DECIMAL CLASSIFICATION NUMBER | |
| Classification number | 000 |
| Edition number | 1 |
| 100 ## - MAIN ENTRY--PERSONAL NAME | |
| Personal name | द्विवेदी,रमेश |
| 245 ## - TITLE STATEMENT | |
| Title | ज्ञान -विज्ञानं प्रश्नोतरी/ |
| Statement of responsibility, etc | रमेश द्विवेदी |
| 250 ## - EDITION STATEMENT | |
| Edition statement | 1 |
| 260 ## - PUBLICATION, DISTRIBUTION, ETC. (IMPRINT) | |
| Place of publication, distribution, etc | दिल्ली |
| Name of publisher, distributor, etc | शर्मा एंड कंपनी |
| Date of publication, distribution, etc | 2021 |
| 270 ## - ADDRESS | |
| Address | 1/2970 गली न 14 टॉप फ्लोर जायसवाल मार्ग रामनगर एक्सटेंशन |
| City | दिल्ली |
| Postal code | 110032 |
| 300 ## - PHYSICAL DESCRIPTION | |
| Extent | 132पृ; |
| Dimensions | 23 सेमी (सजिल्द) |
| 942 ## - ADDED ENTRY ELEMENTS (KOHA) | |
| Institution code [OBSOLETE] | dpl |
| Item type | Hindi Books |
| Source of classification or shelving scheme | Dewey Decimal Classification |
| Classification part | 000 |
| Call number suffix | द्विवेदी |
| Withdrawn status | Lost status | Not for loan | Collection code | Home library | Current library | Date acquired | Source of acquisition | Cost, normal purchase price | Full call number | Barcode | Copy number | Cost, replacement price | Koha item type |
|---|---|---|---|---|---|---|---|---|---|---|---|---|---|
| Non-fiction | Bawana | Bawana | 01/04/2024 | DBAD | 475.00 | 000 दिवेदी | HN-99583 | 1 | 475.00 | Hindi Books |
